Top 10 Largest Cities in Brazil - Sudden Death - Statistics

General Stats
  • This quiz has been taken 61 times
  • The average score is 3 of 10
Answers on the Grid
Answers color-coded by a green-red scale on the quiz's grid according to % correct below.
Sao Paulo
Rio de Janeiro
Salvador
Fortaleza
Belo Horizonte
Brasilia
Curitiba
Manaus
Recife
Belem
Porto Alegre
Goiania
Guarulhos
Campinas
Nova Iguacu
Maceio
Sao Luis
Duque de Caxias
Natal
Teresina
Sao Bernardo do Campo
Campo Grande
Jaboatao
Osasco
Santo Andre
 
Answer Stats
Answer % Correct
Rio de Janeiro
67%
Sao Paulo
67%
Belo Horizonte
50%
Brasilia
33%
Fortaleza
33%
Belem
17%
Curitiba
17%
Manaus
17%
Salvador
17%
Recife
0%
No matching quizzes found
Score Distribution
Percent of People with Each Score
Percentile by Number Answered
Your Score History
You have not taken this quiz